000 00655nam a2200229 a 4500
001 75186
003 BD-RjUL
005 20211209082646.0
008 170323s1967 enka b 001 0 eng
035 _a(BD-RjUL)75404
040 _aDLC
_cDLC
_dDLC
_dBD-RjUL
_beng
041 _aeng
082 0 0 _a551.48
_223
_bWAP 1967
100 1 _aWard, R. C.
_q(Roy C.)
_9112931
245 1 0 _aPrinciples of hydrology /
_cR.C. Ward
260 _aLondon :
_bMcGraw-Hill,
_cc1967.
300 _a403, [1] p. :
_bill. ;
_c23 cm.
504 _aIncludes bibliographical references and index.
650 0 _aHydrology.
_9112932
942 _2ddc
_cBK
999 _c75186
_d75186